00511nam a2200157 a 450000100100000000500170001000800410002702000180006804000250008610000150011124500720012626000530019830000200025150000550027170000270032600003844520201002031249.0130411s2012 dr 000 0 spa d a9789945882766 aDO-SdBNPbspacBNPHU1 aRoa Wilson10aCuesta arriba /cWilson Roa ; presentación Rubén Sabala Moreta. aSanto Domingo :bRecinto Urania Montás,c2012. a92 p. ;c22 cm. aIncluye datos biográficos del autor en la solapa1 aSabala Moreta, Rubén